| 000 | 01120nam a22002657a 4500 | ||
|---|---|---|---|
| 005 | 20170124103012.0 | ||
| 010 | _aA-777083 | ||
| 020 | _c12.00 | ||
| 035 | _aA-777083 | ||
| 037 | _bCen Lib/Ret | ||
| 040 |
_aDPL _bHN |
||
| 082 |
_aक _bबराम |
||
| 100 |
_aबरा, महिम _92233 |
||
| 245 |
_aकाठनिबारी घाट / _cमहिम बरा ; अनुवादक नवारुण वर्मा |
||
| 246 |
_aKaathnibari ghat / _bMahim Bara ; anuvadak Navrun Verma |
||
| 260 |
_aनयी दिल्ली _bनेशनल बुक ट्रस्ट _c1988 |
||
| 270 |
_aए-5, ग्रीन पार्क _bनयी दिल्ली _e110016 |
||
| 300 |
_a115पृ. _c21सेमी(सजिल्द ) |
||
| 650 |
_aहिंदी साहित्य _x _z _957801 |
||
| 650 |
_aहिंदी साहित्य--कहानियां _942761 |
||
| 650 |
_aHindi literature _v _957802 |
||
| 650 |
_aHindi literature--Stories _957803 |
||
| 700 |
_a वर्मा, नवारुण _957804 |
||
| 942 |
_2ddc _cHN _hक _mबराम |
||
| 999 |
_c114672 _d114672 |
||